Máj /
Máj je lyrickoepická skladba Karla Hynka Máchy vydaná roku 1836. Bývá považována za vrcholné dílo českého literárního romantismu. Obávaný vůdce loupežníků Vilém zabil svého soka v lásce, aniž však věděl, že je to jeho vlastní otec, který ho v dětství vyhnal z domu. Vězeň V...
Uloženo v:
| Hlavní autor: | |
|---|---|
| Médium: | E-kniha |
| Jazyk: | Czech |
| Vydáno: |
Praha :
Artis,
2022
|
| Tagy: |
Žádné tagy |
| LEADER | 02026nam a22002297i 4500 | ||
|---|---|---|---|
| 001 | 311641 | ||
| 007 | ta | ||
| 008 | 260601s2022 xr ||||| |||| 00| 0 cze d | ||
| 020 | |a 9990003587060 | ||
| 044 | |a xr | ||
| 100 | 1 | |a Mácha, Karel Hynek |4 aut | |
| 245 | 1 | 0 | |a Máj / |c Mácha, Karel Hynek |
| 264 | 1 | |a Praha : |b Artis, |c 2022 | |
| 300 | |a 1 online zdroj (20 stran) | ||
| 336 | |a text |b txt |2 rdacontent | ||
| 337 | |a bez média |b n |2 rdamedia | ||
| 338 | |a online zdroj |b cr |2 rdacarrier | ||
| 520 | 2 | |a Máj je lyrickoepická skladba Karla Hynka Máchy vydaná roku 1836. Bývá považována za vrcholné dílo českého literárního romantismu. Obávaný vůdce loupežníků Vilém zabil svého soka v lásce, aniž však věděl, že je to jeho vlastní otec, který ho v dětství vyhnal z domu. Vězeň Vilém v noci před popravou přemýšlí o svém osudu, loučí se s životem a vzpomíná na svou milou Jarmilu. Svou vinu odmítá, sám sebe vidí jako oběť sobeckého, nemilujícího otce. S Vilémem soucítí též žalářník, zdrcený tím, co mu o sobě Vilém vyprávěl. Po hodinách plných samomluv, kde vystupuje smrt jako definitivní konec života, je nešťastný otcovrah brzy ráno odveden na popraviště, doprovázen modlícím se davem. Uprostřed májové přírody se v slzách loučí s milovanou zemí. Tomuto příběhu předcház scéna, v níž Jarmila marně čeká za májového večera na Viléma a dozvídá se o jeho osudu. V závěrečném zpěvu přichází na místo popravy poutník Hynek, kterého zasáhne, když uvidí kostlivce v kole a ztotožňuje se s Vilémem. | |
| 910 | |a RBIT002 | ||
| 998 | |d 358706 |a https://core.palmknihy.cz/api/books/358706/cover?sibg1k |b https://core.palmknihy.cz/api/books/358706/cover/400?sibg1k |c https://core.palmknihy.cz/api/books/358706/cover/50?sibg1k |e 2099-12-01 |g 20 |i 9990003587060 |j https://core.palmknihy.cz/api/books/358706/preview.epub |l |q 49 |r 1 |s https://www.palmknihy.cz/kniha/358706 |t ebook |y 2022 |z 1 | ||
| 999 | |d 311639 | ||